Normal view
MARC view
- حنا، حليم حبيب
Entry Personal Name
001 - CONTROL NUMBER
- control field: 27665
003 - CONTROL NUMBER IDENTIFIER
- control field: JO-AjAnu
005 - DATE AND TIME OF LATEST TRANSACTION
- control field: 20230606074709.0
008 - FIXED-LENGTH DATA ELEMENTS
- fixed length control field: 230606|| aca||aabn | a|a d
040 ## - CATALOGING SOURCE
- Original cataloging agency: JO-AjAnu
- Transcribing agency: JO-AjAnu
100 ## - HEADING--PERSONAL NAME
- Personal name: حنا، حليم حبيب
670 ## - SOURCE DATA FOUND
- Source citation: Work cat.: (JO-AjAnu)14207: حنا، حليم حبيب, author, نمذجة البيانات في قواعد البيانات والتحويل بين النماذج